000 00966nam a22002417a 4500
003 DO-SdBNP
005 20220701112259.0
007 ta
008 220513b2007 dr ||||| |||| 00| 0 spa d
040 _aDO-SdBNP
_bspa
_cBNPHU
082 4 _a282.7293
_bI24do, 2007
_222
245 1 0 _aDocumentos de la conferencia del episcopado dominicano (1991-1997) /
_ccoordinación e índices José Chez Checo.
250 _a2a ed.
260 _aSanto Domingo :
_bBanreservas,
_c2007.
300 _a351 p. ;
_c24 cm.
500 _aIncluye referencias bibliográficas, notas al pie de las páginas e índice
590 _aInventariado, 2022/BT
650 4 _aConferencias episcopales católicas
_zRepública Dominicana
_946311
650 4 _aTeología
_zRepública Dominicana
_xCongresos, conferencias, etc.
_946312
650 4 _aIglésia católica
_zRepública Dominicana
_xCongresos, conferencias, etc.
_946313
700 1 _aChez Checo, José,
_946314
_ecoordinador
942 _2ddc
_cLBS1
999 _c51724
_d51724